Identify the Music Act from the Nickname #2 (‘Kings’ and ‘Queens’) - Statistics

General Stats
  • This quiz has been taken 55 times
  • The average score is 8 of 20
Answer Stats
Nickname(s) Music Act % Correct
King of Pop Michael Jackson
96%
King of Reggae Bob Marley
94%
King of Rock and Roll Elvis Presley
94%
Queen of Soul Aretha Franklin
84%
King of Parody "Weird Al" Yankovic
51%
King of the Blues B. B. King
47%
King of Folk-Rock Bob Dylan
45%
Queen of Jazz Ella Fitzgerald
45%
King of Glam Rock David Bowie
43%
King of Calypso Harry Belafonte
43%
Queen of Power Ballads Celine Dion
39%
King of Latin Pop Enrique Iglesias
27%
Queen of New Age Enya
24%
King of Swing Benny Goodman
14%
King of Skiffle Lonnie Donnegan
12%
King of Slackers Beck
8%
King of Movie Soundtracks Kenny Loggins
8%
King of Ska Desmond Dekker
6%
Queen of Art Pop Kate Bush
6%
Queen of Hearts Adele
2%
No matching quizzes found
Score Distribution
Percent of People with Each Score
Percentile by Number Answered
Your Score History
You have not taken this quiz